Countries Closest to Moldova - One Minute Sprint - Statistics

General Stats
  • This quiz has been taken 120 times
  • The average score is 16 of 20
Answer Stats
km country miles % Correct
0 Ukraine 0
97%
0 Romania 0
95%
213 Russia 123
94%
164 Bulgaria 102
90%
279 Hungary 173
86%
435 Serbia 270
85%
337 Belarus 309
84%
311 Slovakia 193
83%
444 Greece 276
81%
287 Poland 178
80%
645 Croatia 401
76%
585 Czechia 363
75%
382 Turkey 237
74%
670 Bosnia and Herzegovina 416
72%
578 Macedonia 359
72%
601 Kosovo 374
68%
715 Albania 444
65%
687 Montenegro 427
63%
633 Lithuania 393
62%
703 Austria 437
57%
No matching quizzes found
Score Distribution
Percent of People with Each Score
Percentile by Number Answered
Your Score History
You have not taken this quiz